Noms de scène - Statistiques

Statistiques générales
  • Ce quiz a été pris 43 fois
  • Le résultat moyen est 7 sur 20
Statistiques - réponses
Prénom et nom de famille complets Nom de scène % Correct
Jean-Philippe Smet Johnny Hallyday
79%
Jean-Baptiste Poquelin Molière
79%
Gandhi Djuna Gims/Maître Gims
62%
Isabelle de Truchis de Varennes Zazie
56%
Pierre-François Martin-Laval Pef
54%
Aurélien Cotentin Orelsan
46%
Alpha Diallo Black M
44%
Claude Moine Eddy Mitchell
44%
Ivo Livi Yves Montand
33%
Pierre Garand Garou
26%
Fabien Marsaud Grand Corps Malade
26%
Anne Peichert Louane
26%
Daniel Farid Hamidou Dany Boon
23%
Tamara Marthe Shy'M
18%
Antoine Valentinelli Lomepal
13%
Claudine Luypaerts Maurane
10%
Léona Juliana Cooreman Annie Cordy
5%
Rosemarie Magdalena Albach Romy Schneider
5%
Anthony Lambert Jarry
3%
Roger Jouret Plastic Bertrand
3%
Aucun quiz correspondant
Distribution des résultats
% des personnes avec chaque résultat
Percentile par nombre de réponses
Votre historique - résultats
Vous n’avez pas pris ce quiz